| 000 | 00583 a2200181 4500 | ||
|---|---|---|---|
| 999 |
_c4211 _d4211 |
||
| 010 | _aENG-86129 | ||
| 020 |
_a8120331365 _c195.00 |
||
| 035 | _aEN-69662 | ||
| 037 | _bDBAD / PUB | ||
| 082 | 1 | 4 | _a632.1068 |
| 100 | 1 | _aDye, Carson F. | |
| 245 | 1 |
_aWinning the talent war : _cby Carson R. Dye _bensuring effective leadership in healthcare / |
|
| 260 |
_aNew Delhi _bPrentice Hall of India _c2007 |
||
| 270 |
_aM-97, Cannaught Circus, _bNew Delhi _e110 001 |
||
| 300 |
_axii, 226 p. _c22cm. (Pbk.) |
||
| 500 | _aIncludes index | ||
| 942 |
_adpl _cEN _2ddc _h362.1068 _mDYE |
||